Printing Presses and Publications Act 1984 (Act 301) : as at 15th September 1984

Bibliographic Details
Corporate Author: Malaysia
Format: Book
Published: Kuala Lumpur : International Law Book Services , 1984
Subjects:

MARC

LEADER 00000cam a2200000 7i4500
001 0000003145
005 20050217.0
020 0 0 |a 9678901773 
090 0 0 |a 343.5950998   |b MAL 
093 1 0 |a 340   |b Undang-undang (Law) 
110 1 0 |a Malaysia 
240 0 0 |a Akta Mesin Cetak dan Penerbitan 1984.   |l English 
245 1 0 |a Printing Presses and Publications Act 1984 (Act 301) :   |b as at 15th September 1984 
260 0 0 |a Kuala Lumpur :   |b International Law Book Services ,   |c 1984 
300 |a ii, 14p. ;   |c 24cm. 
650 0 0 |a Press law   |z Malaysia 
650 0 0 |a Printing industry   |x Law and legislation   |z Malaysia 
650 0 0 |a Printing   |x Law and legislation   |z Malaysia 
650 0 0 |a Publishers and publishing   |x Law and legislation   |z Malaysia 
999 |a 0000005840   |b Monograph   |c Open Shelf   |e Default branch